| 000 | 00818nam a22002057a 4500 | ||
|---|---|---|---|
| 999 |
_c17667 _d17667 |
||
| 003 | AR-CdUCM | ||
| 008 | 190509b ||||| |||| 00| 0 spa d | ||
| 040 |
_aMUNICIPALIDAD PROVINCIAL DEL CUSCO _cBIBLIOTECA MUNICIPAL DEL CUSCO |
||
| 082 |
_a170 / _bP45 |
||
| 100 |
_aPérez, Ismael Diego _937805 |
||
| 245 |
_aEl mundo de la Ética : _badaptado a los programas de enseñanza normal y preparatorio / |
||
| 260 |
_aMéxico : _bF. Trillas, _c1964. |
||
| 300 |
_a264 páginas ; _bIlustraciones, fotografías, _c23 cm. |
||
| 505 | _aContenido: Idea general de la filosofía -- Concepción del mundo físico matemático -- Concepción del mundo en la historia y en la política... | ||
| 650 |
_aÉtica _91337 |
||
| 650 |
_aMoral _94056 |
||
| 650 |
_aEnseñanzas _916424 |
||
| 942 |
_2ddc _cLIBROS |
||
| 945 |
_adavv _d2019-05-09 |
||